| 000 | 00517nam a22001457a 4500 | ||
|---|---|---|---|
| 005 | 20211123173740.0 | ||
| 008 | 211123b ||||| |||| 00| 0 eng d | ||
| 040 | _cAIMIT LIBRARY | ||
| 082 | _a658 HIRR | ||
| 100 |
_aHirono, Ryokichi;Rosling, Alan;Tai Lun Sun, Dennis. _eRyokichi,Ryokichi;Alan,Rosling;Dennis,Sun,Lun _910798 |
||
| 245 |
_aNew India as an emerging giant in the Asia pacific region. _b34th National Management Convention |
||
| 260 |
_aNew Delhi _bExcel Multimedia |
||
| 650 | _2AIMA | ||
| 942 |
_2ddc _cCD |
||
| 999 |
_c220746 _d220746 |
||